[Event "Christchurch Nijman Memorial"]
[Site "Christchurch"]
[Date "2022.05.14"]
[Round "3"]
[White "Mulinder, Guy"]
[Black "Cilia Vincenti, David"]
[Result "0-1"]
[WhiteElo "1763"]
[BlackElo "2194"]
[PlyCount "62"]
[EventDate "2022.05.13"]
[EventType "swiss"]
[EventRounds "6"]
[EventCountry "NZL"]
[SourceTitle "EXT 2024"]
[Source "ChessBase"]
[SourceDate "2023.10.10"]
[SourceVersion "1"]
[SourceVersionDate "2023.10.10"]
[SourceQuality "1"]

1. c4 e6 2. d4 d5 3. Nc3 Nf6 4. Bg5 dxc4 5. e4 c5 6. dxc5 Qxd1+ 7. Rxd1 Bxc5 8. Bxc4 Nc6 9. Nf3 a6 10. Bxf6 gxf6 11. 0-0 b5 12. Bb3 Bb7 13. Rfe1 Rg8 14. Rc1 Nd4 15. Bd1 Rc8 16. Nxd4 Bxd4 17. Bf3 b4 18. Na4 Ke7 19. Red1 e5 20. Kf1 Bc6 21. b3 Bb5+ 22. Be2 Rxc1 23. Rxc1 Bxe2+ 24. Kxe2 Rxg2 25. Rc6 Rxf2+ 26. Kd3 Rxh2 27. Rxa6 Rxa2 28. Kc4 Bc3 29. Nxc3 Rxa6 30. Nd5+ Kd7 31. Nxf6+ Rxf6 0-1

[Event "South Island-ch"]
[Site "Dunedin"]
[Date "2004.09.28"]
[Round "8"]
[White "Duffield, Terence"]
[Black "Mulinder, Guy"]
[Result "0-1"]
[WhiteElo "1566"]
[BlackElo "1290"]
[PlyCount "96"]
[EventDate "2004.09.25"]
[EventType "swiss"]
[EventRounds "8"]
[EventCountry "NZL"]
[SourceTitle "EXT 2018"]
[Source "ChessBase"]
[SourceDate "2017.10.13"]
[SourceVersion "1"]
[SourceVersionDate "2017.10.13"]
[SourceQuality "1"]

1. e4 c5 2. d4 cxd4 3. c3 dxc3 4. Nxc3 Nc6 5. Nf3 d6 6. Bc4 e6 7. Qe2 Be7 8. 0-0 Nf6 9. Rd1 e5 10. Bg5 Be6 11. Rac1 Rc8 12. Bb5 Qc7 13. Nd5 Qb8 14. Nxe7 Kxe7 15. a3 h6 16. Bh4 g5 17. Bg3 g4 18. Nh4 Nd4 19. Qd3 Nxb5 20. Rxc8 Rxc8 21. Qxb5 Nxe4 22. Qb4 Nxg3 23. hxg3 Rc4 24. Qd2 Rd4 25. Qc2 Rxd1+ 26. Qxd1 d5 27. Qc2 Qc8 28. Qd2 d4 29. Qxh6 e4 30. Qg5+ Kd7 31. Nf5 Qc5 32. Qg7 Bxf5 33. Qxf7+ Kc6 34. Qf6+ Kb5 35. Kh2 e3 36. fxe3 dxe3 37. b4 Qd5 38. Qe7 Be4 39. Qe8+ Kc4 40. Qc8+ Kd3 41. Qc1 e2 42. Qe1 Qb3 43. Kg1 Qd1 44. Kf2 Qxe1+ 45. Kxe1 b5 46. a4 bxa4 47. b5 a3 48. b6 a2 0-1

[Event "South Island-ch"]
[Site "Dunedin"]
[Date "2004.09.27"]
[Round "6"]
[White "Mulinder, Guy"]
[Black "Taylor, Stephen1"]
[Result "0-1"]
[WhiteElo "1290"]
[BlackElo "1432"]
[PlyCount "56"]
[EventDate "2004.09.25"]
[EventType "swiss"]
[EventRounds "8"]
[EventCountry "NZL"]
[SourceTitle "EXT 2018"]
[Source "ChessBase"]
[SourceDate "2017.10.13"]
[SourceVersion "1"]
[SourceVersionDate "2017.10.13"]
[SourceQuality "1"]

1. e4 e5 2. Nf3 Nc6 3. Bc4 Bc5 4. c3 Nf6 5. d4 exd4 6. cxd4 Bb4+ 7. Bd2 Bxd2+ 8. Nbxd2 d6 9. 0-0 0-0 10. Re1 Bg4 11. h3 Bh5 12. d5 Ne5 13. Be2 Re8 14. Nxe5 Bxe2 15. Nxf7 Bxd1 16. Nxd8 Raxd8 17. Raxd1 Re7 18. Rc1 Rde8 19. f3 Nxd5 20. a3 Nf4 21. Rc3 c6 22. Rb3 b6 23. Rc3 c5 24. Kh2 d5 25. g3 Ng6 26. a4 d4 27. Rc2 Ne5 28. Nc4 Nxf3+ 0-1

[Event "South Island-ch"]
[Site "Dunedin"]
[Date "2004.09.25"]
[Round "1"]
[White "Mulinder, Guy"]
[Black "Watts, Duncan W"]
[Result "1/2-1/2"]
[WhiteElo "1290"]
[BlackElo "1982"]
[PlyCount "43"]
[EventDate "2004.09.25"]
[EventType "swiss"]
[EventRounds "8"]
[EventCountry "NZL"]
[SourceTitle "EXT 2018"]
[Source "ChessBase"]
[SourceDate "2017.10.13"]
[SourceVersion "1"]
[SourceVersionDate "2017.10.13"]
[SourceQuality "1"]

1. e4 d5 2. exd5 Qxd5 3. Nc3 Qa5 4. d4 c6 5. Nf3 Bf5 6. Bd3 Bxd3 7. Qxd3 e6 8. 0-0 Nf6 9. Re1 Be7 10. Ne5 Nbd7 11. Nxd7 Nxd7 12. Bd2 Qc7 13. Ne4 0-0-0 14. b4 Ne5 15. Qg3 Ng6 16. Qxc7+ Kxc7 17. c3 h6 18. a4 Rhe8 19. Reb1 e5 20. dxe5 Nxe5 21. Bf4 f6 22. Rd1 1/2-1/2

[Event "South Island-ch"]
[Site "Dunedin"]
[Date "2004.09.25"]
[Round "2"]
[White "Nijman, Arie J"]
[Black "Mulinder, Guy"]
[Result "1-0"]
[WhiteElo "1707"]
[BlackElo "1290"]
[PlyCount "109"]
[EventDate "2004.09.25"]
[EventType "swiss"]
[EventRounds "8"]
[EventCountry "NZL"]
[SourceTitle "EXT 2018"]
[Source "ChessBase"]
[SourceDate "2017.10.13"]
[SourceVersion "1"]
[SourceVersionDate "2017.10.13"]
[SourceQuality "1"]

1. e4 d5 2. exd5 Qxd5 3. d4 Qa5+ 4. c3 Bf5 5. Nf3 Nf6 6. Bc4 e6 7. 0-0 c6 8. Nbd2 Nbd7 9. Re1 Be7 10. Nf1 h6 11. Bf4 Nb6 12. Bd3 Bxd3 13. Qxd3 Nbd5 14. Be5 0-0 15. a4 c5 16. dxc5 Qxc5 17. Ng3 a5 18. Bd4 Qc7 19. Ne5 Nd7 20. Nxd7 Qxd7 21. Qe4 Nf6 22. Qf3 Rac8 23. Ne4 Nxe4 24. Qxe4 Bc5 25. Bxc5 Rxc5 26. Red1 Qc7 27. Rd4 Qb6 28. Qc2 Rd8 29. Rxd8+ Qxd8 30. Rd1 Rd5 31. Rxd5 Qxd5 32. Kf1 Qc4+ 33. Ke1 Qd5 34. Qe2 Qxg2 35. f3 Qxe2+ 36. Kxe2 Kf8 37. Kd3 Ke7 38. Kc4 g5 39. b4 g4 40. fxg4 f5 41. gxf5 exf5 42. b5 Kd6 43. Kd4 f4 44. Ke4 f3 45. Kxf3 Kc5 46. Kg4 Kc4 47. Kh5 Kxc3 48. Kxh6 Kb4 49. Kg6 Kxa4 50. h4 Kxb5 51. h5 a4 52. h6 a3 53. h7 a2 54. h8Q Kb4 55. Qb2+ 1-0